000 00620cam a2200217ua 4500
001 9836
005 20260515114529.0
008 161019n ii |||gr||||Z||||||eng
020 _a9789384303426
040 _cMAIN
041 _aeng
082 _a354.2794
100 _aGogoi, Gitamoni Handique,
_eAuthor.
245 _aAdministration of rural development in India
_cBy Gitamoni Handique Gogoi & Joydev Gogoi
250 _a1st ed.
260 _aDibrugarh:
_bMahaveer publications,
_c2016.
300 _a191p.
653 _aAdministration of economy & environment
700 _aGogoi, Joydev,
_eAuthor.
942 _cBK
999 _c8838
_d8838